Loading...
Science - Biology | 0 | 3 | 0 | 0 | 30 | 44 | 84.67 | 1 | 3 |
History - American History | 0 | 2 | 0 | 1 | 20 | 79 | 108.00 | 1 | 1 |
History - World History | 0 | 1 | 0 | 0 | 10 | 127 | 127.00 | 0 | 1 |
Literature - American Literature | 0 | 1 | 0 | 0 | 10 | 139 | 139.00 | 0 | 0 |
Fine Arts - Painting & Sculpture | 0 | 1 | 0 | 1 | 10 | 134 | 134.00 | 0 | 0 |
History - Other History | 0 | 1 | 0 | 1 | 10 | 131 | 131.00 | 0 | 1 |
Science - Physics | 0 | 1 | 1 | 1 | 5 | 110 | 110.00 | 0 | 0 |
Religion | 0 | 1 | 1 | 0 | 5 | 81 | 81.00 | 0 | 1 |
Mythology | 0 | 0 | 0 | 0 | 0 | 0.00 | 0 | 0 | |
Philosophy | 0 | 0 | 0 | 0 | 0 | 0.00 | 0 | 0 | |
Science - Chemistry | 0 | 0 | 0 | 0 | 0 | 0.00 | 0 | 0 | |
Fine Arts - Classical Music | 0 | 0 | 1 | 0 | -5 | 0.00 | 0 | 0 |